<?xml version="1.0" encoding="UTF-8"?>
<record
    xmlns:xsi="http://www.w3.org/2001/XMLSchema-instance"
    xsi:schemaLocation="http://www.loc.gov/MARC21/slim http://www.loc.gov/standards/marcxml/schema/MARC21slim.xsd"
    xmlns="http://www.loc.gov/MARC21/slim">

  <leader>01235nam a2200325 a 4500</leader>
  <controlfield tag="005">20240514102222.0</controlfield>
  <controlfield tag="008">100827s2011||||sp o   f |||| 001 0 spa d</controlfield>
  <datafield tag="020" ind1=" " ind2=" ">
    <subfield code="a">9788480867436</subfield>
  </datafield>
  <datafield tag="041" ind1=" " ind2=" ">
    <subfield code="a">spa</subfield>
  </datafield>
  <datafield tag="092" ind1=" " ind2=" ">
    <subfield code="c">611.022</subfield>
    <subfield code="l">97</subfield>
    <subfield code="s">YOK</subfield>
  </datafield>
  <datafield tag="100" ind1="1" ind2=" ">
    <subfield code="a">Yokochi, Chihiro.</subfield>
    <subfield code="9">1312</subfield>
  </datafield>
  <datafield tag="245" ind1=" " ind2=" ">
    <subfield code="a">Atlas de anatom&#xED;a humana.</subfield>
    <subfield code="b">Estudio fotogr&#xE1;fico del cuerpo humano /</subfield>
    <subfield code="c">Chihiro Yokochi</subfield>
  </datafield>
  <datafield tag="250" ind1=" " ind2=" ">
    <subfield code="a">7a ed.</subfield>
    <subfield code="b">Traducci&#xF3;n y adaptaci&#xF3;n de la versi&#xF3;n espa&#xF1;ola J. Nebot Cegarra.</subfield>
  </datafield>
  <datafield tag="260" ind1=" " ind2=" ">
    <subfield code="a">Barcelona: </subfield>
    <subfield code="b">Elsevier;</subfield>
    <subfield code="c">2011.</subfield>
  </datafield>
  <datafield tag="300" ind1=" " ind2=" ">
    <subfield code="a">532 p.</subfield>
    <subfield code="b">1211 im&#xE1;genes, 1117 en color y 94 radiograf&#xED;as, TC y RM</subfield>
  </datafield>
  <datafield tag="500" ind1=" " ind2=" ">
    <subfield code="a">Yokochi, C., Rohen, J. W. y L&#xFC;tjen-Drecoll, E. (2011). Atlas de anatom&#xED;a humana. Estudio fotogr&#xE1;fico del cuerpo humano. (7a ed.). Barcelona : Elsevier.</subfield>
  </datafield>
  <datafield tag="590" ind1=" " ind2=" ">
    <subfield code="a">Donaci&#xF3;n Editorial Elsevier, 10/07/2012</subfield>
  </datafield>
  <datafield tag="653" ind1=" " ind2=" ">
    <subfield code="a">Anatom&#xED;a general</subfield>
  </datafield>
  <datafield tag="653" ind1=" " ind2=" ">
    <subfield code="a">Cabeza y cuello</subfield>
  </datafield>
  <datafield tag="653" ind1=" " ind2=" ">
    <subfield code="a">Tronco</subfield>
  </datafield>
  <datafield tag="653" ind1=" " ind2=" ">
    <subfield code="a">Organos tor&#xE1;cicos</subfield>
  </datafield>
  <datafield tag="653" ind1=" " ind2=" ">
    <subfield code="a">Organos abdominales</subfield>
  </datafield>
  <datafield tag="653" ind1=" " ind2=" ">
    <subfield code="a">Organos retroperitoneales</subfield>
  </datafield>
  <datafield tag="653" ind1=" " ind2=" ">
    <subfield code="a">Miembro [extremidad] superior</subfield>
  </datafield>
  <datafield tag="653" ind1=" " ind2=" ">
    <subfield code="a">Miembro [extremidad] inferior </subfield>
  </datafield>
  <datafield tag="700" ind1="1" ind2=" ">
    <subfield code="a">Rohen, Johannes W.</subfield>
    <subfield code="9">1313</subfield>
  </datafield>
  <datafield tag="700" ind1="1" ind2=" ">
    <subfield code="a">L&#xFC;tjen-Drecoll, Elke.</subfield>
    <subfield code="9">1773</subfield>
  </datafield>
  <datafield tag="930" ind1=" " ind2=" ">
    <subfield code="a">2545</subfield>
  </datafield>
  <datafield tag="942" ind1=" " ind2=" ">
    <subfield code="2">ddc</subfield>
    <subfield code="c">BK</subfield>
  </datafield>
  <datafield tag="999" ind1=" " ind2=" ">
    <subfield code="c">1077</subfield>
    <subfield code="d">1077</subfield>
  </datafield>
  <datafield tag="952" ind1=" " ind2=" ">
    <subfield code="0">0</subfield>
    <subfield code="1">0</subfield>
    <subfield code="2">ddc</subfield>
    <subfield code="4">0</subfield>
    <subfield code="7">0</subfield>
    <subfield code="a">BFM</subfield>
    <subfield code="b">BFM</subfield>
    <subfield code="c">CR</subfield>
    <subfield code="d">2012-07-11</subfield>
    <subfield code="l">237</subfield>
    <subfield code="m">12</subfield>
    <subfield code="o">611.022 87 YOK</subfield>
    <subfield code="p">2545</subfield>
    <subfield code="r">2026-05-08</subfield>
    <subfield code="s">2026-04-28</subfield>
    <subfield code="t">ej.4</subfield>
    <subfield code="w">2012-07-11</subfield>
    <subfield code="y">BK</subfield>
  </datafield>
  <datafield tag="952" ind1=" " ind2=" ">
    <subfield code="0">0</subfield>
    <subfield code="1">0</subfield>
    <subfield code="2">ddc</subfield>
    <subfield code="4">0</subfield>
    <subfield code="7">0</subfield>
    <subfield code="a">BFM</subfield>
    <subfield code="b">BFM</subfield>
    <subfield code="c">CR</subfield>
    <subfield code="d">2014-11-20</subfield>
    <subfield code="e">COMPRA PROMED 3er A&#xD1;O, NOVIEMBRE 2014</subfield>
    <subfield code="g">2100.00</subfield>
    <subfield code="l">213</subfield>
    <subfield code="m">14</subfield>
    <subfield code="o">611.022 87 YOK</subfield>
    <subfield code="p">3379</subfield>
    <subfield code="r">2025-11-12</subfield>
    <subfield code="s">2025-11-05</subfield>
    <subfield code="t">Ej.5</subfield>
    <subfield code="w">2014-11-20</subfield>
    <subfield code="y">BK</subfield>
    <subfield code="z">COMPRA PROMED 3er A&#xD1;O, NOVIEMBRE 2014</subfield>
  </datafield>
  <datafield tag="952" ind1=" " ind2=" ">
    <subfield code="0">0</subfield>
    <subfield code="1">0</subfield>
    <subfield code="2">ddc</subfield>
    <subfield code="4">0</subfield>
    <subfield code="7">0</subfield>
    <subfield code="8">REF</subfield>
    <subfield code="a">BFM</subfield>
    <subfield code="b">BFM</subfield>
    <subfield code="c">REF</subfield>
    <subfield code="d">2014-11-20</subfield>
    <subfield code="e">COMPRA PROMED 3er A&#xD1;O, NOVIEMBRE 2014</subfield>
    <subfield code="g">2100.00</subfield>
    <subfield code="l">61</subfield>
    <subfield code="m">1</subfield>
    <subfield code="o">611.022 87 YOK</subfield>
    <subfield code="p">3380</subfield>
    <subfield code="r">2024-04-29</subfield>
    <subfield code="s">2024-04-26</subfield>
    <subfield code="t">Ej.6</subfield>
    <subfield code="w">2014-11-20</subfield>
    <subfield code="y">REF</subfield>
    <subfield code="z">LIBRO DE CONSULTA. COMPRA PROMED 3er A&#xD1;O, NOVIEMBRE 2014</subfield>
  </datafield>
</record>
